KOHA-Header-6

Smith and Hogan Cricminal law (Record no. 2867)

000 -LEADER
fixed length control field 00296nam a2200121Ia 4500
008 - FIXED-LENGTH DATA ELEMENTS--GENERAL INFORMATION
fixed length control field 190902s9999||||xx |||||||||||||| ||und||
020 ## - INTERNATIONAL STANDARD BOOK NUMBER
International Standard Book Number 969-8403-47-7
100 ## - MAIN ENTRY--PERSONAL NAME
Personal name David,Ormerod
245 #0 - TITLE STATEMENT
Title Smith and Hogan Cricminal law
260 ## - PUBLICATION, DISTRIBUTION, ETC. (IMPRINT)
Place of publication, distribution, etc London
Name of publisher, distributor, etc Prentice Hall
Date of publication, distribution, etc 2005
300 ## - PHYSICAL DESCRIPTION
Extent 1070
942 ## - ADDED ENTRY ELEMENTS (KOHA)
Koha item type Books
Holdings
Withdrawn status Lost status Damaged status Not for loan Collection code Permanent Location Current Location Shelving location Date acquired Barcode Date last seen Price effective from Koha item type
        Law MAJU MAJU Shelf No.A46 2019-09-02 6535 2019-09-02 2019-09-02 Law

Powered by Koha